|
|
|
|
| LEADER |
00000cam a2200000 7i4500 |
| 001 |
0000001650 |
| 005 |
20151222.0 |
| 008 |
070706 |
| 020 |
|
|
|a 983367206X
|
| 090 |
0 |
0 |
|a JF
|b MAL (2120)
|
| 100 |
0 |
|
|a Nora Shazana
|
| 245 |
1 |
0 |
|a Maafkan kami
|c Nora Shazana
|
| 260 |
|
|
|a Johor :
|b Eduline Enterprise ,
|c 2006
|
| 440 |
|
0 |
|a Siri bacaan sastera remaja
|
| 500 |
|
|
|a Children ages 7-9 years old (orange)
|
| 650 |
|
0 |
|a Children's stories, Malay
|
| 650 |
|
0 |
|a Malay fiction
|
| 710 |
0 |
|
|a Title
|
| 999 |
|
|
|a 0000958347
|b Book
|c Children Collection
|e Perbadanan Perpustakaan Awam Johor
|
| 999 |
|
|
|a 0000958348
|b Book
|c Children Collection
|e Cawangan Bandar Tenggara
|
| 999 |
|
|
|a 0000958349
|b Book
|c Children Collection
|e Perbadanan Perpustakaan Awam Johor
|
| 999 |
|
|
|a 0000960774
|b Book
|c Children Collection
|e Cawangan Bukit Gambir
|